000 00235nam a22000857a 4500
008 160624b xxu||||| |||| 00| 0 eng d
100 _91037
_aJain, B.B
245 _aShakespeare's King Richard the Second
260 _aAgra
_bLakshi Narain Agarwal
999 _c829
_d829